书目信息 |
| 题名: |
水生与陆生生态系统中微量金属的形态与生物有效性
|
|
| 作者: | 陶澍 著 | |
| 分册: | ||
| 出版信息: | 北京 科学出版社 2006.05 |
|
| 页数: | 296页 | |
| 开本: | 26cm | |
| 丛书名: | 北京大学地理科学丛书 | |
| 单 册: | ||
| 中图分类: | Q147 | |
| 科图分类: | ||
| 主题词: | 生态系统--金属--形态--研究 | |
| 电子资源: | ||
| ISBN: | 7-03-016249-8 | |
| 000 | 00767nam0 2200229 450 | |
| 001 | 0631956311 | |
| 005 | 20061010163751.03 | |
| 010 | @a7-03-016249-8@dCNY 49.00 | |
| 100 | @a20060821d2006 km y0chiy0120 ea | |
| 101 | 0 | @achi |
| 102 | @aCN@b110000 | |
| 200 | 1 | @a水生与陆生生态系统中微量金属的形态与生物有效性@Ashui sheng yu lu sheng sheng tai xi tong zhong wei liang jin shu de xing tai yu sheng wu you xiao xing@f陶澍等著@Ftao shu deng zhu |
| 210 | @a北京@c科学出版社@d2006.05 | |
| 215 | @a296页@d26cm | |
| 225 | 2 | @a北京大学地理科学丛书 |
| 300 | @a华夏英才基金学术文库 | |
| 410 | 0 | @12001 @a北京大学地理科学丛书 |
| 606 | 0 | @a生态系统@x金属@x形态@x研究 |
| 690 | @aQ147@v4 | |
| 701 | 0 | @a陶澍@Atao shu@4著 |
| 801 | @aCN@c20061010 | |
| 905 | @a10447@dQ147@eT338 | |
| 水生与陆生生态系统中微量金属的形态与生物有效性/陶澍等著.-北京:科学出版社,2006.05 |
| 296页;26cm.-(北京大学地理科学丛书) |
| 华夏英才基金学术文库 |
| ISBN 7-03-016249-8:CNY 49.00 |
| ● |
| 相关链接 |
|
|
|
正题名:水生与陆生生态系统中微量金属的形态与生物
索取号:Q147/T338
 
预约/预借
| 序号 | 登录号 | 条形码 | 馆藏地/架位号 | 状态 | 备注 |
| 1 | 608941 | 206089418 | 自科二线504/504自科库 44排5列5层/ [索取号:Q147/T338] | 在馆 | |
| 2 | 608942 | 206089427 | 自科库401/401自科库 26排1列2层/ [索取号:Q147/T338] | 在馆 | |
| 3 | 608943 | 206089436 | 自科库401/401自科库 26排1列2层/ [索取号:Q147/T338] | 在馆 |